| 000 | 00722nam a2200229 a 4500 | ||
|---|---|---|---|
| 001 | 000007857 | ||
| 003 | DO-SdBNP | ||
| 005 | 20250603110542.0 | ||
| 008 | 090911s200u dr R 000 0 spa d | ||
| 040 |
_aDO-SdBNP _bspa _cBNPHU |
||
| 082 |
_a657 _bR696s |
||
| 100 | 1 |
_aRodríguez, Antonio S. _921620 |
|
| 245 | 1 | 0 |
_aSistema de contabilidad y guía práctica para su instalación / _cAntonio S. Rodríguez. |
| 260 |
_a[República Dominicana] : _b[s.n.], _c[200?]. |
||
| 300 |
_a168 p. ; _c21 cm. |
||
| 504 | _aBibliografía : p. 168 | ||
| 590 | _aInventariado, 2018/ YL | ||
| 650 | 0 |
_aContabilidad _95846 |
|
| 650 | 4 |
_aLibros de contabilidad _921621 |
|
| 910 | _aValidado. Control de calidad. MFF | ||
| 942 |
_2ddc _cLBS1 |
||
| 999 |
_c7635 _d7635 |
||